000 00371 a2200145 4500
999 _c7585
_d7585
020 _a9780335219292
050 _aHM1206HIG2008
100 _aHiggins, Michael
245 _aMedia and their publics /
_cMichael Higgins
264 _aEngland
_bOpen University Press
_c2008
300 _a175p.
500 _aInclude index
650 _aMedia
942 _2lcc
_cBK
_h1206
_iHIG
_kHM